000 00352nam a2200145 a 4500
008 970307s1974||||xx 0 und c
040 _aSNK
_bslo
_cSNK
_eAACR2
100 1 _aLessingová, Doris
245 1 0 _aTráva spieva
260 _aBratislava
_bSlovenský spisovateľ
_c1974
300 _a212 s.
041 _aslo
020 _c20
044 _axo
_cSK
999 _c12026
_d12026